| 000 | 00704nam a2200217 a 4500 | ||
|---|---|---|---|
| 005 | 20210223133723.0 | ||
| 008 | 190117s2018 mx r 000 0 spa d | ||
| 020 | _a9786078511655 | ||
| 035 | _aUPN01000228414 | ||
| 049 | _aCG | ||
| 050 | 4 |
_aLC4095 A7 _bN6.2 |
|
| 100 | 1 |
_aNoel, Gabriel _942430 |
|
| 245 | 1 | 3 |
_aLa conflictividad cotidiana en el escenario escolar : _buna perspectiva etnográfica / _cGabriel Noel. |
| 260 |
_aMéxico : _bNEISA : _bUNSAM EDITA, _cc2018. |
||
| 300 |
_a232 p. : _bgráfs. |
||
| 650 | 4 |
_aNIÑOS POBRES - _zARGENTINA _912586 |
|
| 650 | 4 |
_aESCUELAS PUBLICAS - _zARGENTINA _97 |
|
| 650 | 4 |
_aSOCIOLOGIA DE LA EDUCACION - _zARGENTINA _912054 |
|
| 905 | _aLibro | ||
| 999 |
_c200509 _d200509 |
||